The tragic history of Doctor Faustus. (23rd edition) (Record no. 81395)
[ view plain ]
| 000 -LEADER | |
|---|---|
| fixed length control field | 01431nam a2200253 a 4500 |
| 008 - FIXED-LENGTH DATA ELEMENTS--GENERAL INFORMATION | |
| fixed length control field | 081027s1998 ||||||||||||||||| || u |
| 020 ## - INTERNATIONAL STANDARD BOOK NUMBER | |
| International Standard Book Number | 8175810130 |
| 050 ## - LIBRARY OF CONGRESS CALL NUMBER | |
| Classification number | PR 2664 Mar |
| 100 ## - MAIN ENTRY--PERSONAL NAME | |
| Personal name | Marlowe, Christopher |
| 245 14 - TITLE STATEMENT | |
| Title | The tragic history of Doctor Faustus. (23rd edition) |
| Statement of responsibility, etc. | Christopher Marlowe |
| 250 ## - EDITION STATEMENT | |
| Edition statement | 23rd edition |
| 260 ## - PUBLICATION, DISTRIBUTION, ETC. | |
| Place of publication, distribution, etc. | New Delhi: |
| Name of publisher, distributor, etc. | Rama |
| Date of publication, distribution, etc. | 1998 |
| 300 ## - PHYSICAL DESCRIPTION | |
| Extent | 287 pages |
| 350 ## - | |
| -- | 48000.00 |
| 650 ## - SUBJECT ADDED ENTRY--TOPICAL TERM | |
| Topical term or geographic name entry element | MAGICIANS--DRAMA |
| 650 ## - SUBJECT ADDED ENTRY--TOPICAL TERM | |
| Topical term or geographic name entry element | GERMANY--DRAMA |
| 650 ## - SUBJECT ADDED ENTRY--TOPICAL TERM | |
| Topical term or geographic name entry element | DRAMA |
| 650 ## - SUBJECT ADDED ENTRY--TOPICAL TERM | |
| Topical term or geographic name entry element | FAUST, d. ca 1540--DRAMA |
| 995 ## - | |
| -- | ANNEX COLLECTION (Main Library) |
| -- | 48000.00 |
| -- | 738854 |
| -- | CBU-MAIN LIBRARY (Kitwe) |
| -- | 1 |
| -- | 0.00 |
| -- | PR 2664 Mar |
| -- | 5 |
| -- | AVAILABLE |
| -- | Oct 27, 2008 |
| -- | 738854 |
| -- | Annex Low-Usage Collection |
| 995 ## - | |
| -- | ANNEX COLLECTION (Main Library) |
| -- | 48000.00 |
| -- | 738851 |
| -- | CBU-MAIN LIBRARY (Kitwe) |
| -- | 1 |
| -- | 0.00 |
| -- | PR 2664 Mar |
| -- | 2 |
| -- | AVAILABLE |
| -- | Oct 27, 2008 |
| -- | 738851 |
| -- | Annex Low-Usage Collection |
| 995 ## - | |
| -- | ANNEX COLLECTION (Main Library) |
| -- | 48000.00 |
| -- | 738850 |
| -- | CBU-MAIN LIBRARY (Kitwe) |
| -- | 1 |
| -- | 0.00 |
| -- | PR 2664 Mar |
| -- | 1 |
| -- | AVAILABLE |
| -- | Oct 27, 2008 |
| -- | 738850 |
| -- | Annex Low-Usage Collection |
| 995 ## - | |
| -- | ANNEX COLLECTION (Main Library) |
| -- | 48000.00 |
| -- | 738853 |
| -- | CBU-MAIN LIBRARY (Kitwe) |
| -- | 1 |
| -- | 0.00 |
| -- | PR 2664 Mar |
| -- | 4 |
| -- | AVAILABLE |
| -- | Oct 27, 2008 |
| -- | 738853 |
| -- | Annex Low-Usage Collection |
| 995 ## - | |
| -- | ANNEX COLLECTION (Main Library) |
| -- | 48000.00 |
| -- | 738852 |
| -- | CBU-MAIN LIBRARY (Kitwe) |
| -- | 1 |
| -- | 0.00 |
| -- | PR 2664 Mar |
| -- | 3 |
| -- | AVAILABLE |
| -- | Oct 27, 2008 |
| -- | 738852 |
| -- | Annex Low-Usage Collection |
| 999 ## - | |
| -- | 81395 |
| -- | 81395 |
| Withdrawn status | Lost status | Source of classification or shelving scheme | Damaged status | Not for loan | Permanent Location | Current Location | Shelving location | Date acquired | Total Checkouts | Full call number | Barcode | Date last seen | Copy number | Price effective from | Koha item type |
|---|---|---|---|---|---|---|---|---|---|---|---|---|---|---|---|
| CBU-MAIN LIBRARY, KITWE. | CBU-MAIN LIBRARY, KITWE. | 08/18/2023 | PR 2664 Mar | 738854 | 08/18/2023 | 1 | 08/18/2023 | MONOGRAPH | |||||||
| CBU-MAIN LIBRARY, KITWE. | CBU-MAIN LIBRARY, KITWE. | 08/18/2023 | PR 2664 Mar | 738851 | 08/18/2023 | 2 | 08/18/2023 | MONOGRAPH | |||||||
| CBU-MAIN LIBRARY, KITWE. | CBU-MAIN LIBRARY, KITWE. | 08/18/2023 | PR 2664 Mar | 738850 | 08/18/2023 | 3 | 08/18/2023 | MONOGRAPH | |||||||
| CBU-MAIN LIBRARY, KITWE. | CBU-MAIN LIBRARY, KITWE. | 08/18/2023 | PR 2664 Mar | 738853 | 08/18/2023 | 4 | 08/18/2023 | MONOGRAPH | |||||||
| CBU-MAIN LIBRARY, KITWE. | CBU-MAIN LIBRARY, KITWE. | 08/18/2023 | PR 2664 Mar | 738852 | 08/18/2023 | 5 | 08/18/2023 | MONOGRAPH |